00556nam a2200181 a 4500008004100000020001500041050001800056100002000074245011400094260002900208300002400237350000900261650003000270650001200300650001800312650002200330700002200352090105s2007 ||||||||||||||||| || u a084937264X aQC 462.R2 Wyb aSmenteck, Lidia10aOptical spectroscopy of lanthanides: magnetic and hyperfine interactionscBrian G. Wybourne and Lidia Smentek aLondon:bCRC Pressc2007 a[xvii], 333p.: ill. a0.00 aRARE EARTHMETALS--SPECTRA 0aPHYSICS aIONS--SPECTRA 0aSPECTRUM ANALYSIS aWybourne, Brian G